000 00757nam a22002297a 4500
999 _c14518
_d14518
003 AR-CdUCM
008 190423b ||||| |||| 00| 0 spa d
020 _a968-16-4231-7
040 _aMUNICIPALIDAD PROVINCIAL DEL CUSCO
_cBIBLIOTECA MUNICIPAL DEL CUSCO
082 _22ed
_aEP / 808.06 /
_bC28
100 _aCarbadillo, Emilio
_933314
245 _aUn enorme animal nube /
260 _aMéxico :
_bFondo de Cultura Economica,
_c1998.
300 _bIlustraciones,
_c22 cm.
440 _aLos especiales de a la orilla del viento
_933315
650 _aPrimera infancia
_924660
650 _aCuentos
_9312
650 _aLiteratura infantil
_9588
700 _aHernandez Amezcua, José Antonio
_933316
942 _2ddc
_cLIBROS
945 _adavv
_d23/04/2019